Statistics for How well do you know Jackseptieye

Click here to take the quiz!

General Stats

  • This quiz has been taken 294 times
    (288 since last reset)
  • The average score is 4 of 13

Answer Stats

HintAnswer% Correct
Whats jackseptieye's real namesean
97%
What country is he fromIreland
76%
When did he start youtube2007
52%
When was he born1990
43%
Where is his girlfriend fromkorea
34%
billy
31%
What does he do that involves death and cowplantsSims 4
12%
What colours is the trade markgreen blue black
4%
What is his introtop of the morning laddies
4%
What is his trade markseptieye
2%
How does he hate the most (two opinions)Cleverbot evie
1%
What does he do at the start of every videoHi-fives
1%
What is his outrosee you all dudes in the next video
1%

Score Distribution

Percentile by Number Answered

Percent of People with Each Score

Your Score History

You have not taken this quiz since the last reset